Sistema de monitoreo de la calidad y gestión ambiental de los municipios de la sub cuenca III, cuenca sur del lago de Managua SIGAM -SCIII.

Presenta el desarrollo de un sistema de información Web de monitoreo de la calidad y gestión ambiental que permitirá a AMUSCLAM obtener, sistematizar, intercambiar y transferir la información sobre el estado y calidad ambiental actual y tendencias de los recursos bienes y servicios ambientales d...

Full description

Bibliographic Details
Main Author: López Gutiérrez, Raphael Alexander
Other Authors: Tutor: Lacayo Cruz, Patricia del Carmen
Format: Tesis Section = Libro
Language:Undetermined
Spanish
Published: Managua UNI 2012
Subjects:
LEADER 01351nam a2200265Ia 4500
008 240830s9999 xx 000 0 und d
040 |a BIBLIOTECA-RUPAP Mon 004.22 L864 
041 |a spa 
082 |a Mon 004.22 L864 
100 1 |a López Gutiérrez, Raphael Alexander 
245 1 0 |a Sistema de monitoreo de la calidad y gestión ambiental de los municipios de la sub cuenca III, cuenca sur del lago de Managua SIGAM -SCIII. 
260 |a Managua  |b UNI  |c 2012 
300 |a 101 p. :il. 
500 |a Contiene: anexos e Incluye: CD. 
502 |a Tesis (Ingeniero de Sistemas)- UNI, 2012. 
520 3 |a Presenta el desarrollo de un sistema de información Web de monitoreo de la calidad y gestión ambiental que permitirá a AMUSCLAM obtener, sistematizar, intercambiar y transferir la información sobre el estado y calidad ambiental actual y tendencias de los recursos bienes y servicios ambientales de la cuenca Sur del lago de Managua de forma periódica con tres asertivos en la toma de decisiones alrededor de la recuperación y conservación de la misma. 
650 7 |a ANALISIS Y DISEÑO DE SISTEMAS 
650 7 |b SISTEMA DE INFORMACION WEB 
650 7 |c BASES DE DATOS 
650 7 |d INTERFACES 
650 7 |e APLICACIÓN WEB 
700 1 |a Tutor:  |b Lacayo Cruz, Patricia del Carmen 
942 |c BK  |2 ddc 
991 |a TESIS 
999 |c 15273